header

Accounting for global dispersion of current accounts (Record no. 215561)

MARC details
000 -LEADER
fixed length control field 01284nam a2200325Ia 4500
100 1# - MAIN ENTRY--AUTHOR NAME
Personal name Chang, Yongsung,
245 10 - TITLE STATEMENT
Title Accounting for global dispersion of current accounts
260 ## - PUBLICATION, DISTRIBUTION, ETC. (IMPRINT)
Place of publication [Washington, D.C.] :
Name of publisher International Monetary Fund,
Year of publication 2009.
300 ## - PHYSICAL DESCRIPTION
Number of Pages 33 p. :
Other physical details ill.
490 1# - SERIES STATEMENT
Series statement IMF working paper ;
650 #0 - SUBJECT ADDED ENTRY--TOPICAL TERM
Topical Term Accounting.
Topical Term Deficit financing.
700 1# - ADDED ENTRY--PERSONAL NAME
Personal name Kim, Sun-Bin.
Personal name Lee, Jaewoo.
856 40 - ELECTRONIC LOCATION AND ACCESS
Uniform Resource Identifier http://site.ebrary.com/lib/rucke/Doc?id=10364830

No items available.

© 2026 Rongo University
Contact us: librarian | system librarian | Rongo university